| 000 | 00416nam a2200181Ia 4500 | ||
|---|---|---|---|
| 001 | 487 | ||
| 005 | 20260306140521.0 | ||
| 008 | 260306t2013||||xx |||||||||||||| ||spa|| | ||
| 041 | _aESP | ||
| 082 |
_a121 _bP19 |
||
| 100 |
_aPalacios, Leopoldo-Eulogio _eAUT |
||
| 245 | 0 | _aFilosofía del saber | |
| 260 | _c2013 | ||
| 300 |
_a394 páginas : _c23 cm. |
||
| 650 | _aGEN | ||
| 654 | _aCHU | ||
| 942 |
_cLIB _dJUS _fJUS _2ddc _n |
||
| 999 |
_c487 _d487 |
||